000 00246nam a2200097Ia 4500
001 1250010
005 20251031150847.0
008 251031s9999 xx 000 0 und d
245 0 _cTOLGA ALVER
_aE-2 KAYIP BALONLAR ÜLKESİ
260 _bKAYALIPARK
999 _c1250010
_d1250010